Name the Random Flags- Medium - Statistics

General Stats
  • This quiz has been taken 41 times
  • The average score is 7 of 8
Answer Stats
Picture Answer % Correct
Norway
100%
Albania
96%
Panama
96%
Cambodia
88%
Haiti
83%
Andorra
79%
Bolivia
75%
Solomon Islands
67%
No matching quizzes found
Score Distribution
Percent of People with Each Score
Percentile by Number Answered
Your Score History
You have not taken this quiz